Kiedy to było? Polska - Statystyki

Ogólne statystyki
  • Ten quiz został rozwiązany 176 razy
  • Średni wynik to 12 z 15
Statystyki odpowiedzi
Wydarzenie Rok % Poprawnych
Chrzest Polski 966
99%
Bitwa pod Grunwaldem 1410
97%
Wojna z Niemcami i ZSRR - rozpoczęcie II wojny światowej 1939
90%
Wstąpienie Polski do UE 2004
89%
Odzyskanie niepodległości po 123 latach zaborów 1918
88%
Ponowne odzyskanie niepodległości po II wojnie światowej 1945
85%
Obalenie komunizmu 1989
83%
Wstąpienie Polski do NATO 1999
83%
Powstanie Warszawskie 1944
80%
II rozbiór Polski 1793
71%
III rozbiór Polski 1795
71%
Bitwa warszawska (Cud nad Wisłą) 1920
67%
Uchwalenie Konstytucji 3 maja 1791
62%
I rozbiór Polski 1772
58%
Potop Szwedzki - Oblężenie Jasnej Góry 1655
27%
Nie znaleziono quizów pasujących do podanych kryteriów
Rozkład punktacji
Procent ludzi z każdym wynikiem
Percentyl według liczby udzielonych odpowiedzi
Twoja historia wyników
Nie rozwiązałeś tego quizu